Statistics for NFL Passing Leaders of the 2010s

Click here to take the quiz!

General Stats

  • This quiz has been taken 411 times
  • The average score is 97 of 100

Answer Stats

YardsTeamPlayer% Correct
4,299NYGEli Manning
100%
4,933NYGEli Manning
100%
4,002NYGEli Manning
100%
4,432NYGEli Manning
100%
4,410NYGEli Manning
100%
5,477DENPeyton Manning
100%
4,659DENPeyton Manning
100%
4,700INDPeyton Manning
100%
4,727DENPeyton Manning
100%
4,219SEARussell Wilson
100%
4,110SEARussell Wilson
100%
3,983SEARussell Wilson
100%
5,235NWETom Brady
100%
4,770NWETom Brady
100%
4,577NWETom Brady
100%
4,109NWETom Brady
100%
3,900NWETom Brady
100%
4,335NWETom Brady
100%
4,343NWETom Brady
100%
4,057NWETom Brady
100%
4,827NWETom Brady
100%
4,428GNBAaron Rodgers
99%
4,442GNBAaron Rodgers
99%
4,295GNBAaron Rodgers
99%
4,381GNBAaron Rodgers
99%
3,922GNBAaron Rodgers
99%
4,643GNBAaron Rodgers
99%
4,261PITBen Roethlisberger
99%
4,251PITBen Roethlisberger
99%
4,952PITBen Roethlisberger
99%
5,129PITBen Roethlisberger
99%
4,902DALDak Prescott
99%
4,054OAKDerek Carr
99%
5,177NORDrew Brees
99%
4,620NORDrew Brees
99%
5,162NORDrew Brees
99%
4,952NORDrew Brees
99%
4,870NORDrew Brees
99%
5,476NORDrew Brees
99%
5,208NORDrew Brees
99%
4,334NORDrew Brees
99%
4,638LARJared Goff
99%
4,688LARJared Goff
99%
3,804LARJared Goff
99%
4,967DETMatthew Stafford
99%
4,650DETMatthew Stafford
99%
4,327DETMatthew Stafford
99%
4,257DETMatthew Stafford
99%
4,446DETMatthew Stafford
99%
5,038DETMatthew Stafford
99%
4,262DETMatthew Stafford
99%
3,705ATLMatt Ryan
99%
4,591ATLMatt Ryan
99%
4,924ATLMatt Ryan
99%
4,177ATLMatt Ryan
99%
4,515ATLMatt Ryan
99%
4,944ATLMatt Ryan
99%
4,466ATLMatt Ryan
99%
4,719ATLMatt Ryan
99%
4,694ATLMatt Ryan
99%
4,095ATLMatt Ryan
99%
5,097KANPatrick Mahomes
99%
4,031KANPatrick Mahomes
99%
4,286SDGPhilip Rivers
99%
4,515LACPhilip Rivers
99%
4,308LACPhilip Rivers
99%
4,615LACPhilip Rivers
99%
4,478SDGPhilip Rivers
99%
4,792SDGPhilip Rivers
99%
4,710SDGPhilip Rivers
99%
4,624SDGPhilip Rivers
99%
4,386SDGPhilip Rivers
99%
4,374INDAndrew Luck
98%
4,240INDAndrew Luck
98%
4,593INDAndrew Luck
98%
4,761INDAndrew Luck
98%
4,039PHICarson Wentz
98%
4,093WASKirk Cousins
98%
4,166WASKirk Cousins
98%
4,917WASKirk Cousins
98%
4,298MINKirk Cousins
98%
5,109TAMJameis Winston
97%
4,903DALTony Romo
97%
4,184DALTony Romo
97%
4,042KANAlex Smith
96%
4,293CINAndy Dalton
96%
4,018OAKCarson Palmer
96%
3,970CINCarson Palmer
96%
4,274ARICarson Palmer
96%
4,233ARICarson Palmer
96%
4,671ARICarson Palmer
96%
4,317BALJoe Flacco
96%
4,051CARCam Newton
95%
4,077PITBen Roethlisberger
92%
4,428JAXBlake Bortles
91%
4,208MIARyan Tannehill
90%
3,913MIARyan Tannehill
90%
4,370HOUMatt Schaub
83%
4,065TAMJosh Freeman
55%
3,653DENKyle Orton
35%

Score Distribution

Percentile by Number Answered

Percent of People with Each Score

Your Score History

You have not taken this quiz